000 01195cam a22003371 4500
001 8954
003 FISKH
005 20251111100659.0
008 720508s1964 nyua j 000 1 eng
010 _a 64018321
040 _aDLC
_beng
_cODaWU
_dOCoLC
_dDLC
050 0 0 _aPZ7.L6634
_bTi
082 0 0 _a398.2
_222
100 1 _aLionni, Leo,
_d1910-1999.
245 1 0 _aTico and the golden wings :
_bA little bird born without wings is one day granted his deared wish /
_cLeo Lionni
250 _aFirst Scholastic printing, September 1997.
260 _aNew York,
_bPantheon Books
_c1964
300 _a30 unnumbered pages :
_bcolor illustrations ;
_c23 cm
505 _aP
520 _aA wingless bird is granted his wish for a pair of golden wings.
521 8 _a640
_bLexile estimate
521 8 _aP
_bRaz-Plus
650 0 _aBirds
_vFiction
650 1 _aWishes
_vFiction.
650 0 _aMagic
_vFiction
655 7 _aFiction.
_2lcgft
_0https://id.loc.gov/authorities/genreForms/gf2014026339
655 7 _aFiction.
_2lcgft
_0https://id.loc.gov/authorities/genreForms/gf2014026339
906 _a7
_bcbc
_coclcrpl
_du
_encip
_f19
_gy-gencatlg
942 _2ddc
_cBK
_n0
999 _c8954
_d8954